Wird geladen...
Directory of libraries in India
| 1. Verfasser: | |
|---|---|
| Format: | Printed Book |
| Veröffentlicht: |
New Delhi, Atlantic Publishers
1989
|
| Schlagworte: |
| LEADER | 004390000a22001450004500 | ||
|---|---|---|---|
| 082 | |a 027.054 M9 | ||
| 100 | |a Gupta, K R | ||
| 245 | |a Directory of libraries in India | ||
| 260 | |a New Delhi, Atlantic Publishers | ||
| 260 | |c 1989 | ||
| 465 | |a R 400 | ||
| 650 | |a Directories | ||
| 942 | |c BK | ||
| 999 | |c 12343 |d 12343 | ||
| 952 | |0 0 |1 0 |4 0 |6 027_054000000000000_M9 |7 0 |8 REF |9 12144 |a MGUL |b MGUL |d 2013-07-16 |e R 400 |l 0 |o 027.054 M9 |p 16634 |r 2013-07-16 |w 2013-07-16 |y REF | ||